000 00334nam a2200121Ia 4500
008 230907s9999||||xx |||||||||||||| ||und||
082 _a153
_bSTE
100 _aSternberg, Robert J.
_9116011
245 0 _aCognitive psychology /
260 _aWadsworth/Cengage Learning,
_bBelmont, CA :
_c2012
300 _axxix, 609 p. :
942 _cBK
999 _c600757
_d600757